| 000 | 01205nam a22002537a 4500 | ||
|---|---|---|---|
| 999 |
_c7618 _d7618 |
||
| 003 | AR-CdUCM | ||
| 008 | 190321b ||||| |||| 00| 0 spa d | ||
| 040 |
_aMUNICIPALIDAD PROVINCIAL DEL CUSCO _cBIBLIOTECA MUNICIPAL DEL CUSCO |
||
| 082 |
_a624 / _bA35 |
||
| 100 |
_aRichards, Helga M. _921505 |
||
| 245 | _aConstrucciones Rurales / | ||
| 260 |
_aMéxico ; _bUnion Tipografica Hispano Americana , _c1964. |
||
| 300 |
_a2 tomos ; _c18 cm. _bilustraciones, |
||
| 440 |
_aManuales UTEHA _n198 al 199a _921506 |
||
| 440 |
_aSección tecnología. _n6 _921507 |
||
| 500 | _at.1: Construcción según la forma, el tamaño y el clima. t.2: Interpretaciones de planos. | ||
| 505 | _aContenido : t.1: Construcción según el Tamaño y forma -- Construcción según el clima -- reglas para el tamaño -- Altura de techos -- Escaleras -- Puertas y ventanas -- Instrumentos necesarios para las medidas -- Reglas para la forma ... -- t.2: Interpretaciones de planos -- Replanteo de construcciones. | ||
| 650 |
_aConstruccion Rural _921508 |
||
| 650 |
_aConstruccion Civil _919570 |
||
| 650 |
_aConstruccion de Viviendas _921509 |
||
| 700 |
_aBoue, Juan (traducción) _921510 |
||
| 942 |
_2ddc _cLIBROS |
||
| 945 | _artm | ||